Estructura de computadores

Spremljeno u:
Bibliografski detalji
Glavni autor: Angulo Usategui, José María (Autor)
Format: Knjiga
Jezik:španjolski
Izdano: Madrid Paraninfo 1997
Izdanje:2a. ed
Serija:Ingeniería Electrónica e Informática
Teme:
Oznake: Dodaj oznaku
Bez oznaka, Budi prvi tko označuje ovaj zapis!

MARC

LEADER 00000nam a2200000 a 4500
001 UCK6838
003 CL-VaPUC
008 051021e19970000SP |||||||||||||||||spa|d
020 |a 8428324263 
082 0 4 |a 004  |b ANG  |2 21 
100 0 |a Angulo Usategui, José María  |e author  |9 496318 
245 1 0 |a Estructura de computadores 
250 |a 2a. ed 
300 |a 572 p 
942 |c BK 
945 |d 20051021 00:00:00  |a cmena 
260 |a Madrid  |b Paraninfo  |c 1997 
500 |a Incluye diskette 
650 0 |a Computadores  |9 258188 
650 7 |a HARDWARE  |2 CL-VaPUC  |9 345461 
650 0 |a Programación de computadores   |9 259531 
650 0 |a Software  |9 387312 
583 |a last modification  |c 20051021 00:00:00  |k Rodrigo Vera 
490 0 |a Ingeniería Electrónica e Informática 
999 |c 314984  |d 314982 
952 |0 0  |1 0  |2 ddc  |4 0  |6 004_000000000000000_ANG_1997  |7 0  |8 A  |9 387854  |a BIBING  |b BIBING  |c RES  |d 2019-11-22  |i 4120906  |l 2  |o 004 ANG 1997  |p 4120906  |r 2025-03-12  |s 2025-03-12  |w 2019-11-22  |y BK  |k EIE